1377 1398 1560 1614 1080 1124 1576 1344 1498 1136 1166 1753 1510 1289 1090 1322 1120 1052 1445 1504 1644 1033 1399 1599 1550 1804 1737 1784 1195 1241 1869 1753 1285 1669 1471 1256 1801 1336 1666 1097 1669 1933 1457 1652 1790 1938 1457 1647 1496 1472 1489 1083 1017 1489 1353 1900 1487 1428 1548 1597 1974 1996 1226 1173 1958 1690 1373 1736 1193 1073 1811 1569 1805 1243 1077 1691 1375 1482 1327 1323 1301 1731 1787 1065 1691 1526 1111 1800 1091 1268 1883 1220 1645 1858 1357 1257 1193 1332 1454 BCNSPRNW ULIB Ver.6.0+V

เปลี่ยนเป็นภาษาไทย

Change to English
 แสดงรายละเอียดบรรณานุกรม
  กลับหน้าหลัก

Brief Record : Get Marc (ISO 2709) : E-mail record : QR code < ปิดหน้าต่าง
LEADER : 00000nam 2200000uu 4500
001    13399127455
003     ULIB
008    200527s2561||||th 000 0 tha d
020    ^a9786164261242
050  4 ^aLB1028.3^bว742ว
100 2  ^aวิวัฒน์ มีสุวรรณ์
245 10 ^aวิจัยทางเทคโนโลยีการศึกษา /^cวิวัฒน์ มีสุวรรณ์
250    ^aพิมพ์ครั้งที่ 1
260    ^aพิษณุโลก :^bสำนักพิมพ์มหาวิทยาลัยนเรศวร,^c2561
300    ^a228หน้า ;^c26 ซม.
650  4 ^aเทคโนโลยีทางการศึกษา^xวิจัย
945    ^p290^l0^i28348
945    ^p290^l0^i28349
945    ^p290^l0^i28350
945    ^p290^l0^i28351
945    ^p290^l0^i28352
999    ^aกัณชพร จุลอักษร
รายการนี้ยังไม่มีแท็ก
คุณยังไม่ได้ล็อกอิน คุณสามารถมีกิจกรรมร่วมกับเว็บไซต์ได้ แต่ต้องล็อกอินก่อน ::
  ล็อกอิน

รายการสื่อสารสนเทศ

ลำดับที่ ประเภท เลขเรียก/บาร์โค้ด สถานที่ สถานะ
1. หนังสือสำรอง
หนังสือสำรอง
LB1028.3 ว742ว ฉ.1 
  Barcode: 28348
ห้องสมุดวิทยาเขตนครสวรรค์
►หนังสือทั่วไป:l:General Books
บนชั้น
2. วิทยาศาสตร์การแพทย์ และสุขภาพ
วิทยาศาสตร์การแพทย์ และสุขภาพ
LB1028.3 ว742ว ฉ.2 
  Barcode: 28349
ห้องสมุดวิทยาเขตนครสวรรค์
►หนังสือทั่วไป:l:General Books
บนชั้น
3. วิทยาศาสตร์การแพทย์ และสุขภาพ
วิทยาศาสตร์การแพทย์ และสุขภาพ
LB1028.3 ว742ว ฉ.3 
  Barcode: 28350
ห้องสมุดวิทยาเขตนครสวรรค์
►หนังสือทั่วไป:l:General Books
บนชั้น
4. วิทยาศาสตร์การแพทย์ และสุขภาพ
วิทยาศาสตร์การแพทย์ และสุขภาพ
LB1028.3 ว742ว ฉ.4 
  Barcode: 28351
ห้องสมุดวิทยาเขตนครสวรรค์
►หนังสือทั่วไป:l:General Books
บนชั้น
5. วิทยาศาสตร์การแพทย์ และสุขภาพ
วิทยาศาสตร์การแพทย์ และสุขภาพ
LB1028.3 ว742ว ฉ.5 
  Barcode: 28352
ห้องสมุดวิทยาเขตนครสวรรค์
►หนังสือทั่วไป:l:General Books
บนชั้น

BibComment


ยังไม่เคยถูกคอมเมนท์

คอมเมนท์ทรัพยากรรายการนี้
  คอมเมนท์: วิจัยทางเทคโนโลย..


 Copyright 2026. Bcnsprnw @Library